[Event "Kolomna-ch 67th"]
[Site "Kolomna"]
[Date "2017.01.14"]
[Round "9"]
[White "Chernyshov, Aleksandr"]
[Black "Egorov, Valery"]
[Result "1-0"]
[WhiteElo "1894"]
[BlackElo "1672"]
[PlyCount "31"]
[EventDate "2016.12.24"]
[EventType "swiss"]
[EventRounds "10"]
[EventCountry "RUS"]
[SourceTitle "EXT 2019"]
[Source "ChessBase"]
[SourceDate "2018.10.10"]
[SourceVersion "1"]
[SourceVersionDate "2018.10.10"]
[SourceQuality "1"]

1. d4 d5 2. c4 e6 3. Nf3 Nf6 4. a3 Be7 5. Nc3 Nc6 6. Bf4 Nh5 7. Bg3 Bd7 8. cxd5 exd5 9. Nxd5 Nxg3 10. hxg3 Be6 11. Nc3 Bd5 12. e4 Bb3 13. Qxb3 Nxd4 14. Nxd4 Qxd4 15. Qa4+ Qxa4 16. Nxa4 1-0

[Event "Kolomna-ch 67th"]
[Site "Kolomna"]
[Date "2017.01.05"]
[Round "5"]
[White "Chernyshov, Aleksandr"]
[Black "Gerasin, Sergey"]
[Result "1-0"]
[WhiteElo "1894"]
[BlackElo "1635"]
[PlyCount "78"]
[EventDate "2016.12.24"]
[EventType "swiss"]
[EventRounds "10"]
[EventCountry "RUS"]
[SourceTitle "EXT 2019"]
[Source "ChessBase"]
[SourceDate "2018.10.10"]
[SourceVersion "1"]
[SourceVersionDate "2018.10.10"]
[SourceQuality "1"]

1. d4 e6 2. e4 d5 3. e5 c5 4. c3 Nc6 5. Nf3 Qb6 6. dxc5 Bxc5 7. Qc2 Qc7 8. Bf4 Nge7 9. Bd3 Ng6 10. Bxg6 hxg6 11. 0-0 Be7 12. Qd3 Bd7 13. Nbd2 0-0-0 14. Nb3 Kb8 15. Nbd4 Rc8 16. Rfc1 Qd8 17. a4 g5 18. Bg3 g4 19. Nxc6+ Bxc6 20. Nd4 Bh4 21. Rd1 Bxg3 22. Qxg3 Qh4 23. Rd3 Bd7 24. Re3 Rh5 25. f3 Qxg3 26. hxg3 Rch8 27. Kf2 gxf3 28. Nxf3 Rh1 29. Rxh1 Rxh1 30. Ng5 Bxa4 31. Nxf7 Bb5 32. Re1 Rxe1 33. Kxe1 Kc7 34. g4 Bd3 35. Kd2 Bg6 36. Ng5 Kd7 37. Ke3 Ke7 38. Kd4 b6 39. Nh3 Be8 1-0

[Event "Kolomna-ch 65th"]
[Site "Kolomna"]
[Date "2015.02.07"]
[Round "8"]
[White "Beskov, Vladimir Alekseevic"]
[Black "Chernyshov, Aleksandr"]
[Result "1/2-1/2"]
[WhiteElo "1948"]
[BlackElo "1920"]
[PlyCount "113"]
[EventDate "2015.01.11"]
[EventType "tourn"]
[EventRounds "9"]
[EventCountry "RUS"]
[SourceTitle "EXT 2017"]
[Source "ChessBase"]
[SourceDate "2016.10.25"]
[SourceVersion "1"]
[SourceVersionDate "2016.10.25"]
[SourceQuality "1"]

1. d4 Nf6 2. Bf4 g6 3. Nf3 Bg7 4. c4 c5 5. Nc3 cxd4 6. Nxd4 d6 7. Bg3 Bd7 8. Qb3 Nc6 9. e3 0-0 10. Be2 Rc8 11. 0-0 Na5 12. Qb4 b6 13. Rac1 Ne8 14. Rfd1 Nc7 15. Qa3 Ne6 16. b3 Nxd4 17. exd4 Nc6 18. d5 Na5 19. Bf4 Nb7 20. Rc2 a5 21. Qc1 Nc5 22. h4 Bf5 23. Rcd2 h5 24. f3 Qd7 25. Nb5 Qe8 26. Nd4 Qd7 27. Bf1 Kh7 28. Re1 Rfe8 29. Qd1 Bf6 30. Bg3 Bg7 31. Bf2 Bf6 32. Be2 Bg7 33. g4 hxg4 34. fxg4 Be4 35. Bf1 f5 36. g5 Rh8 37. Bh3 Qe8 38. Rde2 Be5 39. Nc6 Bc3 40. Bxc5 bxc5 41. Rxe4 fxe4 42. Rxe4 Rc7 43. Re6 Qf7 44. Qd3 Bd4+ 45. Nxd4 cxd4 46. h5 Kg8 47. Rxg6+ Kf8 48. Be6 Qf4 49. h6 Ke8 50. Rg7 Rf8 51. Qg6+ Kd8 52. Rf7 Rxf7 53. Bxf7 Qg3+ 54. Kh1 Qh3+ 55. Kg1 Qg3+ 56. Kh1 Qh3+ 57. Kg1 1/2-1/2

[Event "Kolomna-ch 65th"]
[Site "Kolomna"]
[Date "2015.01.18"]
[Round "3"]
[White "Sokolov, Nikita Dm"]
[Black "Chernyshov, Aleksandr"]
[Result "1/2-1/2"]
[WhiteElo "1927"]
[BlackElo "1920"]
[PlyCount "108"]
[EventDate "2015.01.11"]
[EventType "tourn"]
[EventRounds "9"]
[EventCountry "RUS"]
[SourceTitle "EXT 2017"]
[Source "ChessBase"]
[SourceDate "2016.10.25"]
[SourceVersion "1"]
[SourceVersionDate "2016.10.25"]
[SourceQuality "1"]

1. d4 Nf6 2. c4 e5 3. dxe5 Ng4 4. Bf4 g5 5. Bg3 Bg7 6. Nf3 Nc6 7. h4 Ngxe5 8. Nxe5 Nxe5 9. hxg5 Qxg5 10. e4 d6 11. Nc3 Ng6 12. Nd5 0-0 13. Qc2 c6 14. Nc3 f5 15. Bxd6 Re8 16. c5 fxe4 17. Bc4+ Kh8 18. Bf7 Bf5 19. Qd2 e3 20. fxe3 Rxe3+ 21. Kf2 Rf3+ 22. Ke1 Qxd2+ 23. Kxd2 Rf2+ 24. Ke3 Rxg2 25. Raf1 Bd7 26. Rh5 Be8 27. Ne4 Bxf7 28. Rxf7 Re8 29. Kf3 Rg1 30. Rxb7 Re1 31. Nf2 h6 32. Rxa7 R8e3+ 33. Kg2 R1e2 34. Rb7 Rd3 35. Kf1 Rdd2 36. Rh2 Rxb2 37. Rxb2 Rxb2 38. Nd3 Rb1+ 39. Ke2 Ra1 40. Ke3 Kg8 41. Nb4 Nf8 42. Nxc6 Ne6 43. Ne7+ Kf7 44. Nf5 Re1+ 45. Kd3 Rc1 46. Nxg7 Kxg7 47. Rc2 Rxc2 48. Kxc2 Kf7 49. a4 Ke8 50. Kc3 Kd7 51. Kc4 Kc6 52. a5 Kb7 53. Kb5 Nxc5 54. Bxc5 Ka8 1/2-1/2

[Event "Kolomna op-B"]
[Site "Kolomna"]
[Date "2012.09.27"]
[Round "1"]
[White "Chernyshov, Aleksandr"]
[Black "Soza, Mikhail"]
[Result "1-0"]
[WhiteElo "2050"]
[BlackElo "1733"]
[PlyCount "67"]
[EventDate "2012.09.27"]
[EventType "swiss"]
[EventRounds "9"]
[EventCountry "RUS"]
[SourceTitle "EXT 2013"]
[Source "ChessBase"]
[SourceDate "2012.11.22"]
[SourceVersion "1"]
[SourceVersionDate "2012.11.22"]
[SourceQuality "1"]

1. d4 d6 2. e4 Nf6 3. Bd3 g6 4. Ne2 Bg7 5. 0-0 0-0 6. Bg5 e5 7. d5 c6 8. c4 Qc7 9. Nbc3 a5 10. h3 Na6 11. a3 Nc5 12. Bc2 Bd7 13. Qd2 Rfd8 14. Kh1 Be8 15. f4 exf4 16. Rxf4 Nfd7 17. Bxd8 Rxd8 18. Rff1 Ne5 19. b3 a4 20. Rab1 axb3 21. Bxb3 Nxb3 22. Rxb3 Nxc4 23. Qd3 Ne5 24. Qb1 Rb8 25. dxc6 Bxc6 26. Nf4 Qe7 27. Ncd5 Qh4 28. Qe1 Qd8 29. Qb4 Ra8 30. Nb6 Ra6 31. Nfd5 Qh4 32. Qxd6 h6 33. Ne7+ Kh7 34. Qd8 1-0

[Event "Kolomna-ch final 59th"]
[Site "Kolomna"]
[Date "2009.01.21"]
[Round "5"]
[White "Koryakin, Viktor"]
[Black "Chernyshov, Aleksandr"]
[Result "1/2-1/2"]
[WhiteElo "1955"]
[BlackElo "2163"]
[PlyCount "80"]
[EventDate "2009.01.08"]
[EventType "tourn"]
[EventRounds "13"]
[EventCountry "RUS"]
[SourceTitle "EXT 2022"]
[Source "ChessBase"]
[SourceDate "2021.10.06"]
[SourceVersion "1"]
[SourceVersionDate "2021.10.06"]
[SourceQuality "1"]

1. Nf3 d5 2. d4 Nf6 3. Bf4 h6 4. c3 e6 5. Na3 a6 6. Nc2 Be7 7. e3 Nbd7 8. Be2 0-0 9. 0-0 c5 10. b3 Ne4 11. c4 Nc3 12. Qd3 Nxe2+ 13. Qxe2 Nf6 14. Nd2 b5 15. Rfd1 Bd7 16. Be5 Qb6 17. cxd5 Nxd5 18. dxc5 Qxc5 19. Ne4 Qa7 20. Rd2 Rac8 21. Rad1 Bc6 22. Qg4 g5 23. Qh5 Kh7 24. Nd4 Be8 25. Qh3 Qd7 26. f4 gxf4 27. exf4 f6 28. Nxe6 fxe5 29. Rxd5 Qa7+ 30. Kh1 Rc7 31. Nxf8+ Bxf8 32. Rd7+ Rxd7 33. Qf5+ Kg7 34. Qxe5+ Kf7 35. Qf6+ Kg8 36. Qe6+ Kg7 37. Qe5+ Kf7 38. Qh5+ Ke7 39. Qh4+ Kf7 40. Qf6+ Kg8 1/2-1/2

[Event "Kolomna-ch final 59th"]
[Site "Kolomna"]
[Date "2009.01.18"]
[Round "4"]
[White "Chernyshov, Aleksandr"]
[Black "Kovpak, Igor"]
[Result "1-0"]
[WhiteElo "2163"]
[BlackElo "2091"]
[PlyCount "129"]
[EventDate "2009.01.08"]
[EventType "tourn"]
[EventRounds "13"]
[EventCountry "RUS"]
[SourceTitle "EXT 2022"]
[Source "ChessBase"]
[SourceDate "2021.10.06"]
[SourceVersion "1"]
[SourceVersionDate "2021.10.06"]
[SourceQuality "1"]

1. d4 c6 2. e4 d5 3. e5 Bf5 4. Be3 e6 5. Nd2 Nd7 6. Ngf3 h6 7. c4 Bb4 8. a3 Bxd2+ 9. Bxd2 dxc4 10. Bxc4 Ne7 11. 0-0 0-0 12. a4 Nb6 13. b3 a5 14. Bc3 Qc7 15. h3 Rfd8 16. Qc1 Nbd5 17. Bb2 Nb4 18. Ba3 Nc2 19. Bd6 Rxd6 20. exd6 Qxd6 21. Ra2 Nxd4 22. Nxd4 Qxd4 23. Rd2 Qb6 24. Qc3 Nd5 25. Qd4 Qd8 26. f4 Qb6 27. Bxd5 Qxd4+ 28. Rxd4 exd5 29. Rc1 h5 30. Kf2 h4 31. Rc5 Kf8 32. b4 axb4 33. Rxb4 Ra7 34. a5 Ke7 35. a6 bxa6 36. Rxc6 a5 37. Rbb6 Bd3 38. Rc3 Bc4 39. Ra3 Kd7 40. Ke3 Kc7 41. Rb2 Ra6 42. Kd4 f6 43. f5 Ra8 44. g4 Kc6 45. Re3 Kd7 46. Rb7+ Kc6 47. Rxg7 a4 48. Re6+ Kb5 49. Rb7+ Ka5 50. Re3 Ka6 51. Rf7 Ka5 52. Rxf6 Rb8 53. Rc3 Kb4 54. Rc6 a3 55. R6xc4+ dxc4 56. Rxc4+ Kb3 57. Rc3+ Kb2 58. Rf3 a2 59. Rf2+ Ka3 60. Rxa2+ Kxa2 61. g5 Rb3 62. f6 Rxh3 63. f7 Rf3 64. g6 h3 65. g7 1-0

[Event "Kolomna-ch final 59th"]
[Site "Kolomna"]
[Date "2009.01.14"]
[Round "3"]
[White "Polikushin, Viktor"]
[Black "Chernyshov, Aleksandr"]
[Result "0-1"]
[WhiteElo "1994"]
[BlackElo "2163"]
[PlyCount "66"]
[EventDate "2009.01.08"]
[EventType "tourn"]
[EventRounds "13"]
[EventCountry "RUS"]
[SourceTitle "EXT 2022"]
[Source "ChessBase"]
[SourceDate "2021.10.06"]
[SourceVersion "1"]
[SourceVersionDate "2021.10.06"]
[SourceQuality "1"]

1. c4 e5 2. Nc3 Nc6 3. e4 d6 4. Nf3 f5 5. d3 fxe4 6. Nxe4 Nf6 7. Bg5 Be7 8. h3 0-0 9. Be2 Bf5 10. Nxf6+ Bxf6 11. Bxf6 Qxf6 12. 0-0 a5 13. b3 Rad8 14. Qd2 h6 15. Nh2 d5 16. Ng4 Qg6 17. Kh1 dxc4 18. bxc4 e4 19. Qb2 exd3 20. Bf3 b6 21. Rfe1 Bxg4 22. hxg4 Qf6 23. Bd5+ Kh8 24. Qd2 Nb4 25. Rac1 Qxf2 26. Red1 Nxa2 27. Ra1 Nb4 28. Qc3 Qh4+ 29. Kg1 Qxg4 30. Rd2 c6 31. Bxc6 Nxc6 32. Rxd3 Rxd3 33. Qxd3 Qd4+ 0-1